FIFA 16 Premier League Team of The Season - Statistics

General Stats
  • This quiz has been taken 188 times
  • The average score is 18 of 23
Answer Stats
Position Team Player % Correct
ST Tottenham Harry Kane
97%
ST Leicester City Jamie Vardy
95%
GK Manchester United David De Gea
92%
ST Manchester City Sergio Aguero
92%
RM Leicester City Riyad Mahrez
91%
CAM Arsenal Mesut Ozil
86%
CM Leicester City N'Golo Kante
86%
GK Arsenal Petr Cech
84%
GK Stoke City Jack Butland
83%
RB Arsenal Hector Bellerin
81%
CB Leicester City Wes Morgan
81%
LM West Ham Dimitri Payet
80%
LB Tottenham Danny Rose
79%
ST Everton Romelu Lukaku
75%
CAM Tottenham Dele Alli
74%
CB Manchester United Chris Smalling
72%
CM Leicester City Danny Drinkwater
72%
CB Tottenham Toby Alderweireld
71%
CDM Tottenham Eric Dier
64%
CB Southampton Virgin Van Dijk
62%
LM Stoke City Marko Arnautovic
51%
ST Watford Odion Ighalo
48%
CB Bournemouth Steve Cook
39%
No matching quizzes found
Score Distribution
Percent of People with Each Score
Percentile by Number Answered
Your Score History
You have not taken this quiz